| 000 | 01355cam a2200289 a 4500 | ||
|---|---|---|---|
| 001 | 15273805 | ||
| 005 | 20140731151534.0 | ||
| 008 | 080423s2008 in b 001 0 eng | ||
| 010 | _a 2008295413 | ||
| 020 | _a9780825425882 | ||
| 020 | _a0825425883 | ||
| 020 | _a8170866219 | ||
| 100 | 1 | _aFloyd, Scott. | |
| 245 | 1 | 0 |
_aCrisis counseling : _ba guide for pastors and professionals / _cScott Floyd. |
| 264 |
_aBangalore, India : _bAsian Trading Corporation, _c2008. |
||
| 300 |
_a278 pages : _bill. ; _c23 cm. |
||
| 336 |
_2rdacontent _atext |
||
| 337 |
_2rdamedia _aunmediated |
||
| 338 |
_2rdacarrier _avolume |
||
| 504 | _aIncludes bibliographical references (p. 274-277) and index. | ||
| 505 | 0 | _aCrisis -- Trauma -- Loss -- Grief -- A model for helping -- Intervention strategies, pt. 1 : stress, crisis, and trauma -- Intervention strategies, pt. 2 : facilitating the grieving process -- Crisis counseling and the minister -- Crisis ministry and the counselor -- Children and crises -- Adolescents and crises -- Crises and disasters in the church and community -- Caring for the caregivers. | |
| 650 | 0 |
_aCounseling _xReligious aspects. |
|
| 650 | 0 |
_aCrisis management _xReligious aspects. |
|
| 650 | 0 | _aPastoral psychology. | |
| 856 | 4 | 1 |
_3Table of contents only _uhttp://www.loc.gov/catdir/toc/fy1001/2008295413.html |
| 942 |
_2lcc _cBK |
||
| 999 |
_c37683 _d37683 |
||